00406nam a2200193 4500008004100000020001800041020001800059082001100077082000800088245002600096250000600122260003100128300000800159300000700167500001300174600000500187906000500192999001500197110906s9999 xx 000 0 und d a(paper back): ao 550 77108 500a64 sma00aoo110athe computer thinks?: a1 auk:bw & r chambersc1978, a80, c18 ano index10x c c6107d6107